शिक्षणाचे बदलते संदर्भ (Record no. 144494)

MARC details
000 -LEADER
fixed length control field 00620nam a2200181Ia 4500
008 - FIXED-LENGTH DATA ELEMENTS--GENERAL INFORMATION
fixed length control field 090124s9999 xx 000 0 und d
082 ## - DEWEY DECIMAL CLASSIFICATION NUMBER
Item number 31014
Classification number 2215
100 ## - MAIN ENTRY--PERSONAL NAME
Personal name कुलकर्णी अनिल
245 ## - TITLE STATEMENT
Title शिक्षणाचे बदलते संदर्भ
250 ## - EDITION STATEMENT
Edition statement 1
260 ## - PUBLICATION, DISTRIBUTION, ETC. (IMPRINT)
Date of publication, distribution, etc 2001
300 ## - PHYSICAL DESCRIPTION
Extent 140
600 ## - SUBJECT ADDED ENTRY--PERSONAL NAME
Personal name कुलकर्णी अनिल
630 ## - SUBJECT ADDED ENTRY--UNIFORM TITLE
Uniform title शिक्षणाचे बदलते संदर्भ
700 ## - ADDED ENTRY--PERSONAL NAME
Personal name कुलकर्णी अनिल
730 ## - ADDED ENTRY--UNIFORM TITLE
Uniform title शिक्षणाचे बदलते संदर्भ
942 ## - ADDED ENTRY ELEMENTS (KOHA)
Koha item type Book
Holdings
Withdrawn status Lost status Damaged status Not for loan Home library Current library Date acquired Cost, normal purchase price Total Checkouts Full call number Barcode Date last seen Cost, replacement price Price effective from Koha item type
        Marathi Granth Sangrahalaya,Thane Marathi Granth Sangrahalaya,Thane   100.00   31014 THNMGS-31014 01/24/2009 100.00 01/24/2009 Book